Použitie matematických a štatistických kvantitatívnych modelov v ekonómii a manažmente zborník príspevkov z medzinárodnej vedeckej konferencie : Košice, 9.12.2011

Na minha lista:
Detalhes bibliográficos
Autor Corporativo: Použitie matematických a štatistických kvantitatívnych modelov v ekonómii a manažmente. Medzinárodná vedecká konferencia
Outros Autores: Andrejkovič, Marek
Formato: Livro
Idioma:eslovaco
Publicado em: Košice Katedra hospodárskej informatiky a matematiky PHF EU 2011
Assuntos:
Tags: Adicionar Tag
Sem tags, seja o primeiro a adicionar uma tag!

MARC

LEADER 00000nlm$a2200000$$$4500
001 0147061
005 20240502072645.7
020 |a 978-80-225-3315-7 
041 0 |a slo 
044 |a SK 
245 1 0 |a Použitie matematických a štatistických kvantitatívnych modelov v ekonómii a manažmente  |b zborník príspevkov z medzinárodnej vedeckej konferencie : Košice, 9.12.2011  |c editor Marek Andrejkovič 
264 1 |a Košice  |b Katedra hospodárskej informatiky a matematiky PHF EU  |c 2011 
300 |a CD-ROM [57 s., 3,27 AH] 
610 2 0 |a modely štatistické 
610 2 0 |a modelovanie matematické 
610 2 0 |a modely matematické 
610 2 0 |a modely matematicko-štatistické 
610 2 0 |a ekonómia 
610 2 0 |a manažment 
700 1 |a Andrejkovič, Marek 
110 2 |a Použitie matematických a štatistických kvantitatívnych modelov v ekonómii a manažmente. Medzinárodná vedecká konferencia